000 00685nam a2200229Ia 4500
003 OSt
005 20220925235230.0
006 a|||||r|||| 00| 0
007 ta
008 220923b |||||||| |||| 00| 0 eng d
037 _cGeneral Book
040 _aRTL
_cRTL
_beng
041 _2eng
_aeng
082 _aX9(J):93.2.P01<P00, P6/GD
110 _aINDIA, AGRICULTURE (Ministry of-)
245 0 _aAgricultural wages in India 2000-01.
260 _a New Delhi
_bController of Publication
_c2007
300 _av,225p.
_ccm.
700 _aINDIA, AGRICULTURE (Ministry of-)
942 _hX9(J):93.2.P01<P00, P6/GD
_cGB
_2CC
999 _c597015
_d597015